000 01409nam a2200337 a 4500
001 000017950
003 DO-SdBNP
005 20240530073934.0
008 100407s 2004 dr a c 001 0dspa d
020 _a0001954
040 _aDO-SdBNP
_bspa
_cBNPHU
082 4 _aBNPHU 923.7293
_bO77t, 2004
100 1 _aOrtega Polanco, Francisco,
_d1969-
_938925
245 1 0 _aTestigos de excepción :
_bperfiles del siglo XX en la República Dominicana /
_cFrancisco Antonio Ortega Polanco ; cuidado edición Rosaly Yovianka Stefani Brito
250 _a2a. ed.
260 _aSanto Domingo :
_bCorripio,
_c2004.
300 _a362 p. :
_bil., retrs. ;
_c23 cm.
500 _aIncluye datos biográficos del autor en las solapas.
500 _aIncluye referencias bobliográficas y notas al pie de las páginas.
590 _aInventariado, 2020/VM
650 1 0 _aEnsayos dominicanos
_965
650 1 4 _aIntelectuales
_zRepública Dominicana
_91721
650 1 4 _aCultura
_zRepública Dominicana
_91983
650 1 0 _aLiteratura dominicana.
_967
650 1 4 _aPolíticos
_zRepública Dominicana
_91349
651 1 4 _aRepública Dominicana
_xPolítica y gobierno
_xEnsayos, conferencias, etc.
_91167
651 1 4 _aRepública Dominicana
_xVida social y costumbres
_xEnsayos, conferencias, etc.
_938926
700 1 _aStefani Brito, Rosaly Yovianka,
_eed.
_938927
910 _aValidado. Control de calidad EMS
942 _2ddc
_cLBS1
999 _c17474
_d17474